[Event "15th LCC Super Rapid 2025"]
[Site "London ENG"]
[Date "2025.12.06"]
[Round "5.43"]
[White "Kalavannan, Koby"]
[Black "Koschetzki, Christian"]
[Result "1-0"]
[WhiteTitle "FM"]
[WhiteElo "2275"]
[BlackElo "1980"]
[WhiteFideId "425753"]
[BlackFideId "24691658"]
[EventDate "2025.12.06"]

1. Nf3 c5 2. b3 Nc6 3. Bb2 d6 4. d4 cxd4 5. Nxd4 Nf6 6. g3 Bd7 7. Bg2 e6 8. c4
Be7 9. O-O O-O 10. Nc3 Nxd4 11. Qxd4 Bc6 12. e4 a6 13. Rfd1 Qc7 14. Rac1 Rad8
15. Nd5 exd5 16. cxd5 Qd7 17. dxc6 bxc6 18. Qa4 Qa7 19. Rxc6 Rc8 20. Bd4 Qd7 21.
Rxa6 Qe6 22. e5 Ng4 23. exd6 Qe2 24. Rf1 Bd8 25. d7 Rc2 26. Ra8 1-0

[Event "15th LCC Super Rapid 2025"]
[Site "London ENG"]
[Date "2025.12.06"]
[Round "5.44"]
[White "Viswanath, Ganesh"]
[Black "Makkar, Rajat"]
[Result "0-1"]
[BlackTitle "IM"]
[WhiteElo "1990"]
[BlackElo "2395"]
[WhiteFideId "3205738"]
[BlackFideId "36016810"]
[EventDate "2025.12.06"]

1. Nf3 d5 2. c4 e6 3. g3 dxc4 4. Qa4+ Bd7 5. Qxc4 c5 6. Bg2 Bc6 7. O-O Nd7 8. d4
Ngf6 9. Rd1 Rc8 10. Nc3 b5 11. Qb3 b4 12. Na4 Qa5 13. Nxc5 Nxc5 14. dxc5 Ba4 15.
Qd3 Bxd1 16. Qxd1 Bxc5 17. Nd4 O-O 18. Nb3 Qd8 19. Bd2 Be7 20. Qe1 a5 21. Rd1
Qc7 22. Rc1 Qe5 23. Rb1 Rc2 24. Bf4 Qh5 25. Bf3 Ng4 26. h4 e5 27. Qd1 Rc4 28.
Qd7 exf4 29. Bxg4 Qe5 30. Nd2 Rc7 31. Nf3 Qc5 32. Qd4 fxg3 33. Kg2 gxf2 34. Qxf2
Qxf2+ 35. Kxf2 Bf6 36. Bf5 Rd8 37. Bd3 h5 38. Kg3 g6 39. Nd2 Rxd3+ 40. exd3 Rd7
41. Nc4 Rxd3+ 42. Kg2 a4 43. a3 Rd4 44. Nb6 Rd2+ 45. Kg3 Rxb2 0-1

[Event "15th LCC Super Rapid 2025"]
[Site "London ENG"]
[Date "2025.12.06"]
[Round "5.45"]
[White "Lohia, Sohum"]
[Black "Terler, Bohdan"]
[Result "1-0"]
[WhiteTitle "IM"]
[WhiteElo "2391"]
[BlackElo "2082"]
[WhiteFideId "5819369"]
[BlackFideId "34102264"]
[EventDate "2025.12.06"]

1. e4 c6 2. d4 d5 3. exd5 cxd5 4. Bd3 Nc6 5. c3 Nf6 6. Bf4 Bg4 7. Qb3 Qd7 8. Nd2
e6 9. Ngf3 Bd6 10. Bxd6 Qxd6 11. O-O O-O 12. Rfe1 Bxf3 13. Nxf3 Rab8 14. Qc2
Rfc8 15. Qe2 Na5 16. g3 Nc4 17. Ne5 Qc7 18. a4 a6 19. Bxc4 dxc4 20. a5 Nd7 21.
Ra4 Nxe5 22. Qxe5 Qc6 23. Rb4 b5 24. axb6 Rxb6 25. d5 Qc5 26. Rxb6 Qxb6 27. dxe6
Qxe6 28. Qxe6 fxe6 29. Rxe6 a5 30. Re5 Rb8 31. Rxa5 Rxb2 32. Rc5 Rc2 33. Rxc4
Kf7 34. Kg2 Ke6 35. Rc7 Kf6 36. h4 h5 37. Kf3 g6 38. c4 Ke5 39. Rc6 Kf5 40. Rc5+
Ke6 41. Ke3 Kf6 42. f3 Rc1 43. Kf4 Re1 44. Rd5 Rc1 45. Rd6+ Kf7 46. Kg5 Rxc4 47.
Rf6+ Ke7 48. Rxg6 Rc3 49. Kxh5 Rxf3 50. g4 Kf7 51. Ra6 Rb3 52. g5 Rb8 53. Ra7+
Kg8 54. Kh6 Rb6+ 55. g6 Rb8 56. h5 Rc8 57. Ra5 Rb8 58. Kg5 Kg7 59. h6+ Kg8 60.
Rf5 Kh8 61. Rf8+ Rxf8 62. g7+ Kg8 63. Kg6 Rf6+ 64. Kxf6 Kh7 65. Kf7 1-0

[Event "15th LCC Super Rapid 2025"]
[Site "London ENG"]
[Date "2025.12.06"]
[Round "5.46"]
[White "Maier, Christian"]
[Black "Patel, Zain"]
[Result "1/2-1/2"]
[WhiteTitle "IM"]
[WhiteElo "2192"]
[BlackElo "2033"]
[WhiteFideId "4601955"]
[BlackFideId "469246"]
[EventDate "2025.12.06"]

1. e4 e5 2. Nf3 Nc6 3. Bc4 Nf6 4. d3 Bc5 5. c3 O-O 6. Bb3 d5 7. Nbd2 dxe4 8.
dxe4 Qe7 9. O-O Be6 10. Qe2 a6 11. Bxe6 Qxe6 12. Nh4 Ne7 13. Nb3 Ba7 14. Be3
Bxe3 15. Qxe3 Qg4 16. Nf3 Ng6 17. Nc5 b6 18. h3 Qf4 19. Qxf4 exf4 20. e5 Nxe5
21. Nxe5 bxc5 22. Rad1 Rab8 23. Nc4 Rfe8 24. Rd2 g6 25. Rfd1 Kg7 26. Kf1 Ne4 27.
Rd7 Rb7 28. R7d3 Re6 29. b3 Rb8 30. Nb2 Rbe8 31. Nc4 R8e7 32. Kg1 h6 33. Kf1 g5
34. Na5 Rd6 35. Nc4 Rde6 36. Na5 Nd6 37. R3d2 Kg6 38. Rd5 Ne4 39. R5d3 h5 40.
Nc4 g4 41. Nd2 Nxd2+ 42. R3xd2 f3 43. gxf3 gxh3 44. Kg1 Rf6 45. Kh2 Rxf3 46. c4
Re4 47. Rg1+ Rg4 48. Rg3 Rfxg3 49. fxg3 h4 50. Kxh3 Rxg3+ 51. Kxh4 Rc3 52. Rd5
a5 53. Rxc5 a4 54. Rc6+ Kf5 1/2-1/2

[Event "15th LCC Super Rapid 2025"]
[Site "London ENG"]
[Date "2025.12.06"]
[Round "5.47"]
[White "Tsakiris, Haralambos"]
[Black "Zhao, George"]
[Result "0-1"]
[WhiteTitle "FM"]
[BlackTitle "CM"]
[WhiteElo "2159"]
[BlackElo "2113"]
[WhiteFideId "4223314"]
[BlackFideId "494607"]
[EventDate "2025.12.06"]

1. d4 e6 2. c4 Nf6 3. Nc3 d5 4. cxd5 exd5 5. Bg5 c6 6. e3 h6 7. Bh4 Be7 8. Bd3
O-O 9. Nge2 Ne4 10. Bxe7 Qxe7 11. Qc2 Bf5 12. Ng3 Nxg3 13. hxg3 Bxd3 14. Qxd3
Nd7 15. O-O-O b5 16. Kb1 a5 17. Rc1 Rfc8 18. Rhe1 Nb6 19. e4 Qd7 20. e5 b4 21.
Nd1 a4 22. f4 Ra5 23. f5 a3 24. b3 c5 25. Ne3 c4 26. bxc4 dxc4 27. Nxc4 Nxc4 28.
Rxc4 Rxc4 29. Qxc4 Qxf5+ 30. Qc2 Qg4 31. Re4 Qxg3 32. e6 Rf5 33. exf7+ Kxf7 34.
Qc4+ Kg6 35. Qe6+ Kg5 36. Qe7+ Kh5 37. Re1 Qd3+ 38. Kc1 Qc3+ 39. Kd1 Qxd4+ 0-1

[Event "15th LCC Super Rapid 2025"]
[Site "London ENG"]
[Date "2025.12.06"]
[Round "5.48"]
[White "Quillaud, Maxime"]
[Black "Hanache, Kai"]
[Result "0-1"]
[WhiteElo "1851"]
[BlackElo "2122"]
[WhiteFideId "343272007"]
[BlackFideId "490105"]
[EventDate "2025.12.06"]

1. d4 Nf6 2. c4 g6 3. Nc3 d5 4. cxd5 Nxd5 5. e4 Nxc3 6. bxc3 Bg7 7. Be3 c5 8.
Qd2 Qa5 9. Rc1 Nc6 10. d5 Ne5 11. h3 O-O 12. f4 Nd7 13. Nf3 Nf6 14. c4 Qc7 15.
Bd3 b6 16. O-O e6 17. e5 Ne8 18. d6 Qd7 19. g4 Bb7 20. g5 h6 21. h4 Qc6 22. Qc2
h5 23. a4 Bh8 24. Kh2 Ng7 25. Kh3 Nf5 26. Bg1 Rfd8 27. Rce1 Rac8 28. Rd1 Qd7 29.
Nd2 Bc6 30. Ra1 Nxd6 31. exd6 Bxa1 32. Rxa1 Qxd6 33. Ra3 Qxf4 34. Ne4 Bxe4 35.
Bxe4 Rd2 36. Qxd2 Qxd2 37. Rd3 Qe2 38. Re3 Qg4+ 39. Kh2 Qxh4+ 0-1

[Event "15th LCC Super Rapid 2025"]
[Site "London ENG"]
[Date "2025.12.06"]
[Round "5.50"]
[White "Walker, Samuel A"]
[Black "Patel, Devan"]
[Result "1/2-1/2"]
[WhiteElo "2047"]
[BlackElo "1938"]
[WhiteFideId "412813"]
[BlackFideId "447889"]
[EventDate "2025.12.06"]

1. Nf3 d5 2. g3 Nf6 3. Bg2 e6 4. O-O Be7 5. c4 O-O 6. d4 dxc4 7. Na3 c5 8. Nxc4
Bd7 9. dxc5 Bxc5 10. Nfe5 Nc6 11. Bg5 Nxe5 12. Nxe5 Bb5 13. Bxb7 Rb8 14. Bf3 h6
15. Bd2 Bd4 16. Bc3 Bxc3 17. Qxd8 Rfxd8 18. bxc3 Rbc8 19. a4 Ba6 20. Rfc1 Nd5
21. c4 Nb6 22. Nc6 Rd7 23. c5 Nd5 24. Bxd5 exd5 25. Nd4 Rdc7 26. c6 Kf8 27. Rc5
Bc4 28. e4 Rd8 29. Rc1 a6 30. exd5 Bxd5 31. Ra5 Be4 32. f3 Bd3 33. Nb3 Rd6 34.
Rac5 Ke7 35. R5c3 Bf5 36. Kf2 Bc8 37. Re3+ Kf8 38. Na5 Be6 39. Re2 Rd4 40. Nb7
Rxa4 41. Nc5 Ra5 42. Nxe6+ fxe6 43. Rxe6 Kf7 44. Re2 Rb5 45. Rd2 Ke7 46. Re1+
Kf7 47. Rd7+ Rxd7 48. cxd7 Rd5 49. Ra1 Rxd7 50. Rxa6 Rd3 51. Ra2 Rb3 52. Re2 Kf6
53. g4 g6 54. h4 Rb5 55. Kg3 g5 56. h5 Rb6 57. Ra2 Rb7 58. Ra8 Kg7 59. Ra6 Rf7
60. Kf2 Re7 61. Rg6+ Kh7 62. Rd6 Kg7 63. Rd3 Kf6 64. Ra3 Kg7 65. Re3 Rb7 66. Rd3
Re7 67. Rd4 Kh7 68. Re4 Rb7 69. Ra4 Re7 70. Kg3 Kg7 71. Ra6 Rb7 72. Rg6+ Kh7 73.
Rf6 Kg7 74. Rf5 Ra7 75. Rd5 Rb7 76. Kf2 Re7 77. Rd6 Kh7 78. f4 gxf4 79. Kf3 Rf7
80. Rd5 Ra7 81. Kxf4 Kg7 82. Rd6 Ra4+ 83. Kf5 Ra5+ 84. Ke6 Rg5 85. Rd4 Kh7 86.
Kf6 Kh8 87. Kf7 Rg7+ 88. Kf6 Rg5 89. Re4 Kh7 90. Ra4 Kh8 91. Ra8+ Kh7 92. Ra7+
Kh8 93. Ra4 Kh7 94. Rf4 Kh8 95. Ke7 Kh7 96. Ke6 Kh8 97. Ke7 Kh7 98. Re4 Kh8 99.
Ke8 Kh7 100. Kf8 Rg8+ 101. Kf7 Rg7+ 102. Kf6 Rg5 103. Ke6 Kh8 104. Rf4 Kh7 105.
Kf7 Rg7+ 106. Ke8 Rg5 107. Rf7+ Kh8 108. Rf4 Kh7 109. Kf7 Rg7+ 110. Kf6 Rg5 111.
Re4 Kh8 112. Re6 Rxg4 113. Re8+ Kh7 114. Re7+ Kh8 115. Re8+ Kh7 116. Re7+ 1/2-1/2

[Event "15th LCC Super Rapid 2025"]
[Site "London ENG"]
[Date "2025.12.06"]
[Round "5.51"]
[White "Jackson, Sheila"]
[Black "Yu, Rock"]
[Result "1/2-1/2"]
[WhiteTitle "WGM"]
[WhiteElo "2022"]
[BlackElo "2055"]
[WhiteFideId "402508"]
[BlackFideId "489000"]
[EventDate "2025.12.06"]

1. e4 d5 2. exd5 Qxd5 3. Nc3 Qa5 4. Nf3 Nf6 5. d4 Bf5 6. Bd2 c6 7. Bc4 Nbd7 8.
O-O Qc7 9. Re1 e6 10. a4 Bd6 11. h3 h6 12. Bb3 O-O-O 13. Qe2 g5 14. a5 Rhg8 15.
g4 Bh7 16. a6 b6 17. Rad1 Nd5 18. Ne5 Nf8 19. Qc4 Bxe5 20. dxe5 Ng6 21. Qe2 Ndf4
22. Bxf4 Nxf4 23. Qf3 h5 24. Rxd8+ Rxd8 25. Ba4 hxg4 26. hxg4 Nd5 27. Nxd5 exd5
28. Qf6 b5 29. Bb3 Re8 30. c3 Qd7 31. f3 Qe7 32. Qxc6+ Kd8 33. Bxd5 Qc7 34. Qxb5
Rxe5 35. Rxe5 Qxe5 36. Qa5+ Ke7 37. Qc5+ Kf6 38. Qd4 Qxd4+ 39. cxd4 Bd3 40. Bb7
Bb5 41. Kf2 Ke6 42. Ke3 f6 43. b4 Kd6 44. Ke4 Ke6 45. f4 gxf4 46. Kxf4 Ke7 47.
Kf5 Bd3+ 48. Kf4 Kd6 49. Ke3 Bb5 50. Ke4 Bd7 51. Kf4 Kc7 52. g5 fxg5+ 53. Kxg5
Kd6 54. Kf6 Bb5 55. Kf5 Bd7+ 56. Ke4 Bb5 57. d5 Bf1 58. Kd4 Bb5 59. Bc8 Bf1 60.
Bb7 Bb5 61. Ke4 Bf1 62. Kd4 Bb5 63. Ke4 Bf1 64. Kd4 Bb5 1/2-1/2

[Event "15th LCC Super Rapid 2025"]
[Site "London ENG"]
[Date "2025.12.06"]
[Round "5.52"]
[White "Bradley, Alan"]
[Black "Vaidyanathan, Sathya"]
[Result "0-1"]
[WhiteElo "2055"]
[BlackElo "1785"]
[WhiteFideId "14302934"]
[BlackFideId "490539"]
[EventDate "2025.12.06"]

1. e4 e5 2. Nf3 Nc6 3. d4 exd4 4. Nxd4 Nf6 5. Nc3 Bb4 6. Nxc6 bxc6 7. Bd3 O-O 8.
O-O d5 9. exd5 cxd5 10. h3 h6 11. Qf3 c6 12. Bf4 Bd6 13. Bxd6 Qxd6 14. Rfe1 Bd7
15. Rad1 Qb4 16. b3 Rfe8 17. a4 Rxe1+ 18. Rxe1 d4 19. Re4 Qxc3 20. Re7 Qc5 21.
Qe2 Re8 22. Rxe8+ Bxe8 23. Bc4 Qd6 24. g4 Bd7 25. Qf3 Be6 26. Bd3 Bd5 27. Qf5
Qe6 0-1

[Event "15th LCC Super Rapid 2025"]
[Site "London ENG"]
[Date "2025.12.06"]
[Round "5.53"]
[White "Onslow, Alfie"]
[Black "Ding, Yiwen"]
[Result "1-0"]
[WhiteElo "2163"]
[BlackElo "1914"]
[WhiteFideId "436976"]
[BlackFideId "495980"]
[EventDate "2025.12.06"]

1. Nf3 Nf6 2. c4 e6 3. g3 b6 4. Bg2 Bb7 5. O-O Be7 6. Nc3 O-O 7. Re1 d5 8. cxd5
exd5 9. d4 c5 10. b3 Nc6 11. Bb2 Rc8 12. Rc1 Qd7 13. dxc5 bxc5 14. Na4 Ne4 15.
Nd2 Qf5 16. Nxe4 dxe4 17. e3 Nb4 18. Rc4 Rfd8 19. Qa1 Nd3 20. Re2 Nxb2 21. Nxb2
Bf6 22. Qc1 Qh5 23. Rcc2 Ba6 24. Nc4 Qg6 25. Red2 Rxd2 26. Rxd2 Rd8 27. Rxd8+
Bxd8 28. Qd2 Bc7 29. Qd7 1-0

[Event "15th LCC Super Rapid 2025"]
[Site "London ENG"]
[Date "2025.12.06"]
[Round "5.54"]
[White "Bevis, Noah"]
[Black "Willmoth, Robert F"]
[Result "0-1"]
[BlackTitle "CM"]
[WhiteElo "1921"]
[BlackElo "2130"]
[WhiteFideId "343434630"]
[BlackFideId "402540"]
[EventDate "2025.12.06"]

1. d4 d6 2. c4 e5 3. e3 Nf6 4. Nc3 Nbd7 5. Nf3 Be7 6. Bd3 c6 7. O-O O-O 8. Qc2
Qc7 9. b3 Re8 10. Bb2 Bf8 11. Rad1 a6 12. a4 a5 13. h3 g6 14. Nd2 Bg7 15. Rfe1
Qb6 16. c5 dxc5 17. Nc4 Qc7 18. dxe5 Nd5 19. Nxd5 cxd5 20. Nd6 Re7 21. f4 b6 22.
e4 d4 23. Bc4 Nf8 24. Bd5 Rb8 25. Nb5 Qd8 26. Qc4 g5 27. Nd6 Be6 28. Nf5 gxf4
29. Nxe7+ Qxe7 30. Bc1 Bxe5 31. Rf1 Ng6 32. h4 h5 33. Qe2 Qxh4 34. Bxe6 fxe6 35.
Rf3 Qg4 36. Qc2 Nh4 37. Rf2 f3 38. Rd3 Nxg2 39. Kf1 Rf8 40. Qd1 Qh3 41. Rdxf3
Ne3+ 42. Ke2 Rxf3 43. Qg1+ Qg3 44. Qe1 d3+ 45. Kxd3 Qxf2 0-1

[Event "15th LCC Super Rapid 2025"]
[Site "London ENG"]
[Date "2025.12.06"]
[Round "5.55"]
[White "Dhingra, Kanvansh"]
[Black "Han, Qixiang"]
[Result "0-1"]
[WhiteElo "1771"]
[BlackElo "2104"]
[WhiteFideId "33401500"]
[BlackFideId "496952"]
[EventDate "2025.12.06"]

1. e4 c6 2. Nf3 d5 3. Nc3 Bg4 4. h3 Bxf3 5. Qxf3 e6 6. Be2 Bc5 7. O-O Ne7 8. d3
O-O 9. Bf4 Nd7 10. Na4 Bb4 11. c3 Ba5 12. b4 Bc7 13. Nb2 f5 14. Bxc7 Qxc7 15.
exd5 exd5 16. Qe3 Rae8 17. Qd2 f4 18. Bh5 g6 19. Bd1 Nf5 20. c4 d4 21. Bf3 Nh4
22. Be4 Nf6 23. f3 Nh5 24. c5 Nf5 25. Rf2 Ne3 26. Nc4 Qg7 27. Nd6 Re5 28. a4 Rg5
29. Rc1 Qd7 30. Kh2 Ng3 31. Qa2+ Kh8 32. b5 Rh5 33. Kg1 Ngf5 34. Bxf5 gxf5 35.
bxc6 bxc6 36. Rb2 Nd5 37. Rb7 Qe6 38. Qf2 Ne3 39. Qb2 Qd5 40. Rb4 Rg5 41. Rxd4
Rxg2+ 42. Qxg2 Qxd4 43. Qf2 Rg8+ 44. Kh1 Rg3 45. Qh2 Qd5 46. Ne4 fxe4 47. dxe4
Qh5 48. Qb2+ Kg8 49. Qb8+ Kg7 50. Qc7+ Qf7 51. Qe5+ Kh6 52. Qd6+ Rg6 53. Qe5 Qf6
54. Qxf6 Rxf6 55. Rb1 Rg6 56. Rb7 Rg7 57. Rb8 Rg3 0-1

[Event "15th LCC Super Rapid 2025"]
[Site "London ENG"]
[Date "2025.12.06"]
[Round "5.56"]
[White "Breton, Martin"]
[Black "Kovalskyi, Roman"]
[Result "1/2-1/2"]
[WhiteElo "1772"]
[BlackElo "2208"]
[WhiteFideId "343428916"]
[BlackFideId "14184214"]
[EventDate "2025.12.06"]

1. d4 d5 2. c4 e6 3. Nc3 Nf6 4. cxd5 exd5 5. Bg5 c6 6. e3 Be6 7. Nf3 Nbd7 8. Bd3
Be7 9. h3 h6 10. Bf4 a6 11. O-O c5 12. dxc5 Nxc5 13. Bc2 O-O 14. Nd4 Qb6 15. Rb1
Rac8 16. Bf5 a5 17. g4 Bd6 18. Na4 Qa6 19. Nxc5 Bxc5 20. Nxe6 fxe6 21. Bd3 Qb6
22. g5 hxg5 23. Bxg5 e5 24. Bf5 Rcd8 25. Kh1 Rd6 26. Rg1 Ne4 27. Bxe4 dxe4 28.
Qg4 Rg6 29. h4 Qe6 30. Qxe6+ Rxe6 31. Rg2 Rc8 32. Rc1 b6 33. Rc4 Rd6 34. Rxe4
Rd2 35. Bf6 Bf8 36. Reg4 Rc7 37. Bxe5 Rf7 38. f4 Rd1+ 39. Kh2 Re1 40. Bd4 b5 41.
h5 Kh7 42. Rc2 Rf5 43. Rh4 Be7 44. Rh3 Bd6 45. Kg2 Rd1 46. Kf2 Rf8 47. Rg3 Rf7
48. Rg6 Bxf4 49. Ke2 Rh1 50. exf4 Rd7 51. Be5 Rh2+ 52. Kf3 Rxc2 53. Bc3 b4 54.
Be5 Rf7 55. Ra6 Rc5 56. Ke4 Rd7 57. Kf5 Rb7 58. Ra8 Rf7+ 59. Ke4 Rb5 60. Kd4
Rd7+ 61. Ke4 Rdb7 62. Kf5 Rf7+ 63. Ke4 Rd7 64. Kf5 Rf7+ 65. Ke4 Rfb7 66. Kf5
Rf7+ 67. Ke4 Rd7 68. Kf5 Rf7+ 69. Ke4 1/2-1/2

[Event "15th LCC Super Rapid 2025"]
[Site "London ENG"]
[Date "2025.12.06"]
[Round "5.57"]
[White "Camacho Collados, Jose"]
[Black "Kuhendiran, Tharshan"]
[Result "1-0"]
[WhiteTitle "IM"]
[WhiteElo "2364"]
[BlackElo "1884"]
[WhiteFideId "2265427"]
[BlackFideId "423777"]
[EventDate "2025.12.06"]

1. Nf3 d5 2. g3 Nf6 3. Bg2 e6 4. d4 Be7 5. O-O O-O 6. c4 dxc4 7. a4 Nc6 8. Na3
Na5 9. Bg5 Bd7 10. Ne5 Bc6 11. Nxc6 Nxc6 12. e3 Nd5 13. Bxe7 Qxe7 14. Nxc4 a5
15. Rc1 Ncb4 16. Qb3 c6 17. Rfd1 Rfd8 18. h4 g6 19. e4 Nf6 20. Qe3 Na2 21. Rc2
Nb4 22. Rc3 Na2 23. Rb3 Nb4 24. Qg5 b5 25. e5 bxc4 26. exf6 Qf8 27. Rc3 h6 28.
Qg4 Nd5 29. Rxc4 Nxf6 30. Qe2 Nd5 31. Rxc6 Rab8 32. Rc5 Nb6 33. Qc2 Qg7 34. Rb5
Rbc8 35. Qb3 Nc4 36. d5 exd5 37. Bxd5 Qf6 38. Rb7 Nd6 39. Rb6 Qf5 40. Rxd6 Rxd6
41. Bxf7+ Qxf7 42. Qxf7+ Kxf7 43. Rxd6 Rb8 44. Rd5 Rxb2 45. Rxa5 Ra2 46. Ra6 Kg7
47. Kg2 Ra3 48. g4 Kf7 49. f3 Kg7 50. Kg3 Kf7 51. Kf4 Kg7 52. Ra7+ Kf6 53. Ke4
Ra1 54. Ra6+ Kf7 55. h5 gxh5 56. gxh5 Rh1 57. Rxh6 Kg7 58. Rg6+ Kf7 59. Rg5 Ra1
60. a5 Ra4+ 61. Ke3 Kf6 62. Rb5 Ra3+ 63. Kf4 Ra4+ 64. Kg3 Kg7 65. f4 1-0

[Event "15th LCC Super Rapid 2025"]
[Site "London ENG"]
[Date "2025.12.06"]
[Round "5.58"]
[White "Porras Mateo, Felipe"]
[Black "Sanitt, Ethan"]
[Result "0-1"]
[WhiteTitle "FM"]
[WhiteElo "2356"]
[BlackElo "2113"]
[WhiteFideId "2279193"]
[BlackFideId "427462"]
[EventDate "2025.12.06"]

1. e4 e6 2. d4 d5 3. Nd2 c5 4. exd5 Qxd5 5. dxc5 Bxc5 6. Ngf3 Nc6 7. Bc4 Qf5 8.
O-O Nge7 9. Re1 O-O 10. Ne4 Bb6 11. Bg5 h6 12. Bh4 Ng6 13. Bg3 Qh5 14. Nd6 Bc5
15. Qe2 Bxd6 16. Bxd6 Re8 17. Nd4 Qxe2 18. Nxe2 e5 19. Bb5 a6 20. Bxc6 bxc6 21.
c4 Be6 22. b3 f6 23. g3 Nh8 24. Nc3 Nf7 25. Ba3 Ng5 26. Re3 Rad8 27. h4 Nf7 28.
Ne4 Bf5 29. Nc5 Rd2 30. Bb4 Rc2 31. a4 Bc8 32. Rd1 f5 33. Bc3 g5 34. Bxe5 Nxe5
35. Nd3 Nf3+ 36. Rxf3 f4 37. Re1 Rxe1+ 38. Nxe1 Rc1 39. Kf1 Bh3+ 40. Ke2 Bg4 41.
Kd2 Rxe1 42. Rd3 Re2+ 0-1

[Event "15th LCC Super Rapid 2025"]
[Site "London ENG"]
[Date "2025.12.06"]
[Round "5.59"]
[White "Grutter, Tim"]
[Black "Dishman, Matthew"]
[Result "1-0"]
[WhiteTitle "IM"]
[WhiteElo "2399"]
[BlackElo "1978"]
[WhiteFideId "1057472"]
[BlackFideId "438642"]
[EventDate "2025.12.06"]

1. a3 e5 2. e4 Nf6 3. Nc3 Nc6 4. d3 Bc5 5. Bg5 d6 6. Nd5 Be6 7. Nxf6+ gxf6 8.
Bh4 Rg8 9. Qh5 Qe7 10. O-O-O O-O-O 11. g3 Nd4 12. Bh3 Bxh3 13. Nxh3 Qe6 14. c3
Qxh3 15. cxd4 Bxd4 16. Qxf7 Rdf8 17. Qxh7 Bxf2 18. Rhf1 Be3+ 19. Kb1 Bg5 20. Qh5
Bxh4 21. gxh4 Qxh2 22. Rh1 Qg2 23. Qf5+ Kb8 24. h5 Rg5 25. Qd7 Rg7 26. Qf5 Rg5
27. Qe6 Qg4 28. Qe7 Rfg8 29. h6 Rh5 30. h7 Rh8 31. Rdg1 Rxh1 32. Rxh1 a6 33.
Qxf6 Qc8 34. Qg7 Ka7 35. Rg1 Kb6 36. Qg8 1-0

[Event "15th LCC Super Rapid 2025"]
[Site "London ENG"]
[Date "2025.12.06"]
[Round "5.60"]
[White "Hng, Mei-Xian Eunice"]
[Black "Buckley, Graeme N"]
[Result "0-1"]
[WhiteTitle "WFM"]
[BlackTitle "IM"]
[WhiteElo "2067"]
[BlackElo "2256"]
[WhiteFideId "5806585"]
[BlackFideId "402265"]
[EventDate "2025.12.06"]

1. e4 c5 2. d4 cxd4 3. c3 dxc3 4. Nxc3 Nc6 5. Bc4 d6 6. Nf3 a6 7. O-O Nf6 8. Qe2
Bg4 9. Bf4 e6 10. Rfd1 Nh5 11. Bg3 Be7 12. Qe3 Nxg3 13. hxg3 O-O 14. Rd2 Qa5 15.
Nh2 Bh5 16. g4 Bg6 17. f4 d5 18. Qe2 Qc5+ 19. Kh1 dxc4 20. f5 Bg5 21. Rd7 Ne5
22. Rxb7 Nd3 23. Nf3 Bf4 24. fxg6 Nf2+ 25. Kg1 Nxe4+ 26. Kh1 Ng3+ 0-1

[Event "15th LCC Super Rapid 2025"]
[Site "London ENG"]
[Date "2025.12.06"]
[Round "5.61"]
[White "Kennedy, Aden"]
[Black "Dishman, Stephen"]
[Result "0-1"]
[BlackTitle "FM"]
[WhiteElo "1783"]
[BlackElo "2239"]
[WhiteFideId "343401015"]
[BlackFideId "403024"]
[EventDate "2025.12.06"]

1. e4 c5 2. Nf3 Nc6 3. d4 cxd4 4. Nxd4 g6 5. c4 Nf6 6. Nc3 d6 7. Be2 Nxd4 8.
Qxd4 Bg7 9. O-O O-O 10. Qd1 a5 11. Be3 Bd7 12. f3 a4 13. Qd2 Qa5 14. Rac1 Be6
15. Rfd1 Rfc8 16. Nd5 Qxd2 17. Rxd2 Bxd5 18. exd5 Nd7 19. Bd4 Bh6 20. Rdc2 Bxc1
21. Rxc1 b5 22. b3 axb3 23. axb3 b4 24. f4 Nc5 25. Bxc5 Rxc5 26. f5 Rca5 27.
fxg6 hxg6 28. Kf2 Ra1 29. Rc2 R8a2 30. Rxa2 Rxa2 31. Kf3 Ra1 32. Bd3 Rc1 33. c5
dxc5 34. Ke2 Rc3 35. Bc4 Rc2+ 0-1

[Event "15th LCC Super Rapid 2025"]
[Site "London ENG"]
[Date "2025.12.06"]
[Round "5.62"]
[White "Morea, Georgiana-Steluta"]
[Black "Verdi, Arjan"]
[Result "1-0"]
[WhiteElo "1920"]
[BlackElo "1600"]
[WhiteFideId "1204319"]
[BlackFideId "343457363"]
[EventDate "2025.12.06"]

1. c4 f5 2. Nc3 Nf6 3. d4 e6 4. Nf3 Be7 5. e3 b6 6. d5 d6 7. Be2 O-O 8. dxe6
Bxe6 9. Nd4 Bd7 10. Bf3 c6 11. O-O Ne8 12. Qc2 Bf6 13. b3 Bxd4 14. exd4 Na6 15.
Bf4 Rc8 16. Qd2 Qf6 17. Rae1 h6 18. Qd1 Nac7 19. Bc1 Qf7 20. Bb2 d5 21. Ba3 c5
22. Nxd5 Nf6 23. Re7 Qg6 24. Nxf6+ Qxf6 25. Rxd7 Rfd8 26. dxc5 bxc5 27. Bb2 Qg5
28. h4 Qxh4 29. Rxg7+ Kf8 30. Rd7 Ne6 31. Qd6+ Ke8 32. Qxe6+ Kf8 33. Qf7# 1-0

[Event "15th LCC Super Rapid 2025"]
[Site "London ENG"]
[Date "2025.12.06"]
[Round "5.64"]
[White "Bhattacharjee, Sourav"]
[Black "Benjamin, Martin J"]
[Result "1-0"]
[WhiteElo "2167"]
[BlackElo "1994"]
[WhiteFideId "1048090"]
[BlackFideId "436895"]
[EventDate "2025.12.06"]

1. e4 c5 2. Nf3 d6 3. d4 cxd4 4. Nxd4 Nf6 5. Nc3 g6 6. Be2 Bg7 7. O-O O-O 8. Be3
Nc6 9. Qd2 Ng4 10. Bxg4 Bxg4 11. Rae1 a6 12. f4 Bd7 13. Nd5 Nxd4 14. Bxd4 Bc6
15. Nb6 Rb8 16. f5 Bxd4+ 17. Qxd4 e5 18. Qe3 f6 19. Qb3+ Kg7 20. Rf2 Bb5 21. Qe3
g5 22. Rd2 Qc7 23. a4 Be8 24. Red1 Qc5 25. Kf2 Qxe3+ 26. Kxe3 Bh5 27. Ra1 Rbd8
28. Ra3 Be8 29. Rad3 Bc6 30. Rxd6 Rxd6 31. Rxd6 Rf7 32. b4 Rc7 33. c4 Be8 34.
Kd3 Kf7 35. Nd5 Rc6 36. Rd8 h5 37. b5 1-0

[Event "15th LCC Super Rapid 2025"]
[Site "London ENG"]
[Date "2025.12.06"]
[Round "5.65"]
[White "Fernandez, Michael"]
[Black "Sandhu, Jai"]
[Result "1/2-1/2"]
[WhiteTitle "FM"]
[WhiteElo "2243"]
[BlackElo "1853"]
[WhiteFideId "5803560"]
[BlackFideId "343439330"]
[EventDate "2025.12.06"]

1. c4 Nf6 2. g3 e6 3. Bg2 d5 4. Nf3 Be7 5. O-O d4 6. d3 O-O 7. e3 c5 8. exd4
cxd4 9. Bg5 h6 10. Bxf6 Bxf6 11. Nbd2 g6 12. b4 a5 13. a3 Qb6 14. Qb3 Na6 15.
Rab1 Bd7 16. Ne4 Bg7 17. c5 Qc7 18. Rfc1 Bc6 19. Nd6 Bd5 20. Qc2 axb4 21. axb4
b6 22. Nb5 Qd7 23. Nbxd4 Bxd4 24. c6 Qd6 25. Nxd4 Bxg2 26. Nb5 Qd5 27. Qc4 Qxc4
28. Rxc4 Bd5 29. Rc3 Rac8 30. Nd6 Rc7 31. b5 Nc5 32. d4 Ne4 33. Nxe4 Bxe4 34.
Ra1 Rd8 35. f3 Bd5 36. Ra6 Rb8 37. Kf2 Kf8 38. Rca3 Ke7 39. Ra7 Rc8 40. R3a6 Kd6
41. Rxc7 Rxc7 42. Rxb6 e5 43. Ke3 exd4+ 44. Kxd4 Bxf3 45. Ra6 Be2 46. Ra5 Bf3
47. Ra6 Be2 48. Ra5 Bf1 49. g4 h5 50. gxh5 gxh5 51. h4 Be2 52. b6 Rxc6 53. Rd5+
Ke6 54. Re5+ Kf6 55. Rxe2 Rxb6 56. Rf2+ Kg7 57. Ke5 Rb5+ 58. Kf4 f6 59. Rg2+ Kh7
60. Ra2 Kg6 61. Rg2+ Kh7 62. Ra2 Rb4+ 63. Kg3 Rg4+ 64. Kh3 Kg6 65. Ra5 Re4 66.
Kg3 Rg4+ 67. Kh3 Rc4 68. Kg3 Re4 69. Rb5 Re5 70. Rb8 Re3+ 71. Kg2 Kf5 72. Rg8
Re4 73. Kg3 Rg4+ 74. Rxg4 hxg4 75. h5 Kg5 76. h6 Kxh6 77. Kxg4 Kg6 78. Kf4 f5
79. Kf3 Kg5 80. Kg3 f4+ 81. Kf3 Kf5 82. Kf2 Ke4 83. Ke2 f3+ 84. Kf2 Kf4 85. Kf1
Ke3 86. Ke1 f2+ 87. Kf1 Kf3 1/2-1/2